000 nam a22 a 4500
999 _c432142
_d432142
003 BLK
005 20210916165216.0
008 210915b bu |||||r|||| 00| | bu d
040 _aBLK
041 _aRUS
_cRUS
080 _aИстория на Македония
_b94(947.7)
_z94(947.7)
139 _aПравда о Македонии
245 _aПравда о Македонии
_bСб. ст., писем и документов, опубл. в рус. печати и впервые печатаемых
257 _aRUS
260 _9464520
_aОдесса
_bБолг. о-во Братство
_c1915
300 _a86 с.
_c23 см
380 _a9
650 0 _9287987
_aМакедония - история
651 0 _9243713
_aМакедония
852 _aЦб 9.230.30524
_bО
942 _cKNG
_n0
_s1
944 _aCR
_c2021-09-15
_kнр